000 00343nam a22001457a 4500
008 210310b ||||| |||| 00| 0 eng d
020 _a9781600422577
041 _aeng
080 _22nd
_a070
082 _a070
100 _a39
101 _aMED
245 _aMass Media Law a Survey of Content and Culture
_cEpstein, M.M
942 _2udc
_cBK
999 _c56122
_d56122